European Country by Second Largest City Quiz Stats

Quiz Updated Oct 17, 2017

Challenge
Share
Tweet
Embed
Score 0/45 Timer 08:00
9 Plays Today
City Country % Correct
BarcelonaSpain
96.9%
AnkaraTurkey
94.6%
BirminghamUnited Kingdom
94.2%
HamburgGermany
92.8%
MilanItaly
92.2%
Saint PetersburgRussia
91.3%
MarseilleFrance
90.6%
AntwerpenBelgium
89.5%
CorkIreland
87.7%
RotterdamNetherlands
87.3%
GenèveSwitzerland
86%
KrakowPoland
85.7%
PortoPortugal
79.9%
ThessaloníkiGreece
78.4%
GöteborgSweden
74.4%
BergenNorway
71.4%
ÅrhusDenmark
69.1%
SplitCroatia
68%
GrazAustria
62.8%
VaduzLiechtenstein
62.1%
KharkivUkraine
59.8%
BrnoCzechia
55.2%
Borgo MaggioreSan Marino
51.2%
City Country % Correct
KaunasLithuania
48.4%
Cluj-NapocaRomania
47.5%
EspooFinland
47.4%
Escaldes-EngordanyAndorra
46.4%
Esch-sur-AlzetteLuxembourg
45.6%
DebrecenHungary
42.8%
Novi SadSerbia
41.7%
KošiceSlovakia
41.5%
MariborSlovenia
41.5%
PlovdivBulgaria
39.5%
DaugavpilsLatvia
38.8%
TartuEstonia
38.3%
Banja LukaBosnia and Herzegovina
37.9%
KópavogurIceland
37%
NikšićMontenegro
33.7%
BălţiMoldova
33.5%
StróvolosCyprus
32.5%
DurrësAlbania
32.3%
GomelBelarus
30.9%
MostaMalta
30.8%
PrizrenKosovo
28.5%
KumanovoMacedonia
28.2%

You're not logged in!

Compare scores with friends on all Sporcle quizzes.
Join for Free
OR
Log In

You Might Also Like...

Show Comments

Extras

Top Quizzes Today


Score Distribution

Your Account Isn't Verified!

In order to create a playlist on Sporcle, you need to verify the email address you used during registration. Go to your Sporcle Settings to finish the process.

Report this User

Report this user for behavior that violates our Community Guidelines.

Details: